000 00407nam a2200169Ia 4500
008 230524s9999 xx 000 0 und d
020 _a8185749752
082 _a621.3821
_bGUP
100 _aJ.B.Gupta
245 0 _aElectronic Devices and Circuits
250 _a2ND
260 _aNEW DELHI
_bKataria
_c2008
300 _aXVI;1209
500 _aQuantity Number: 20
650 _aElectronics
942 _cBK
999 _c9914
_d9914